<?xml version="1.0" encoding="UTF-8"?>
<record
    xmlns:xsi="http://www.w3.org/2001/XMLSchema-instance"
    xsi:schemaLocation="http://www.loc.gov/MARC21/slim http://www.loc.gov/standards/marcxml/schema/MARC21slim.xsd"
    xmlns="http://www.loc.gov/MARC21/slim">

  <leader>00631nam a22001217a 4500</leader>
  <datafield tag="040" ind1=" " ind2=" ">
    <subfield code="c">RUA</subfield>
  </datafield>
  <datafield tag="100" ind1=" " ind2=" ">
    <subfield code="a">LONH CHANCHAV. &#x17A1;&#x17BB;&#x1789; &#x1785;&#x17B6;&#x1793;&#x17CB;&#x1785;&#x17B6;&#x179C;</subfield>
  </datafield>
  <datafield tag="245" ind1=" " ind2=" ">
    <subfield code="a">GASTRO-INTESTINAL OF PARASITES IN DOMESTIC CHICKEN AT MARKET IN DANGKOR DISTRICT, PHNOM PENH CITY. &#x1794;&#x179A;&#x17B6;&#x179F;&#x17B7;&#x178F;&#x1780;&#x17D2;&#x1793;&#x17BB;&#x1784;&#x1794;&#x17D2;&#x179A;&#x178A;&#x17B6;&#x179F;&#x179A;&#x17C6;&#x179B;&#x17B6;&#x1799;&#x17A2;&#x17B6;&#x17A0;&#x17B6;&#x179A;&#x1798;&#x17B6;&#x1793;&#x17CB;&#x1793;&#x17C5;&#x1795;&#x17D2;&#x179F;&#x17B6;&#x179A; &#x1781;&#x178E;&#x17D2;&#x178C;&#x178A;&#x1784;&#x17D2;&#x1780;&#x17C5; &#x179A;&#x17B6;&#x1787;&#x1792;&#x17B6;&#x1793;&#x17B8;&#x1797;&#x17D2;&#x1793;&#x17C6;&#x1796;&#x17C1;&#x1789;</subfield>
  </datafield>
  <datafield tag="260" ind1=" " ind2=" ">
    <subfield code="a">Phnom Penh</subfield>
    <subfield code="b">RUA</subfield>
    <subfield code="c">2020</subfield>
  </datafield>
  <datafield tag="300" ind1=" " ind2=" ">
    <subfield code="a">IX.40P</subfield>
    <subfield code="b">VII.</subfield>
    <subfield code="c">29CM</subfield>
  </datafield>
  <datafield tag="856" ind1=" " ind2=" ">
    <subfield code="u">https://drive.google.com/file/d/1nHvk8jzpSrbnybXbPD-_KlpZCOTK-CAq/view?usp=sharing</subfield>
  </datafield>
  <datafield tag="942" ind1=" " ind2=" ">
    <subfield code="c">VEM</subfield>
  </datafield>
  <datafield tag="999" ind1=" " ind2=" ">
    <subfield code="c">21671</subfield>
    <subfield code="d">21671</subfield>
  </datafield>
  <datafield tag="952" ind1=" " ind2=" ">
    <subfield code="0">0</subfield>
    <subfield code="1">0</subfield>
    <subfield code="2">ddc</subfield>
    <subfield code="4">0</subfield>
    <subfield code="6">VEM_LON_2020_000000000000000_B1_602_OR</subfield>
    <subfield code="7">0</subfield>
    <subfield code="9">94163</subfield>
    <subfield code="a">LBB</subfield>
    <subfield code="b">LBB</subfield>
    <subfield code="c">B1.602</subfield>
    <subfield code="d">2023-08-16</subfield>
    <subfield code="o">VEM LON 2020 B1.602 Or.</subfield>
    <subfield code="p">a073839</subfield>
    <subfield code="r">2023-08-16</subfield>
    <subfield code="w">2023-08-16</subfield>
    <subfield code="y">VEM</subfield>
  </datafield>
  <datafield tag="952" ind1=" " ind2=" ">
    <subfield code="0">0</subfield>
    <subfield code="1">0</subfield>
    <subfield code="2">ddc</subfield>
    <subfield code="4">0</subfield>
    <subfield code="6">VEM_LON_2020_000000000000000_B1_602_OR</subfield>
    <subfield code="7">0</subfield>
    <subfield code="9">94164</subfield>
    <subfield code="a">LBB</subfield>
    <subfield code="b">LBB</subfield>
    <subfield code="c">B1.602</subfield>
    <subfield code="d">2023-08-16</subfield>
    <subfield code="l">1</subfield>
    <subfield code="o">VEM LON 2020 B1.602 Or.</subfield>
    <subfield code="p">a073855</subfield>
    <subfield code="r">2024-07-08</subfield>
    <subfield code="s">2023-11-30</subfield>
    <subfield code="w">2023-08-16</subfield>
    <subfield code="y">VEM</subfield>
  </datafield>
  <datafield tag="952" ind1=" " ind2=" ">
    <subfield code="0">0</subfield>
    <subfield code="1">0</subfield>
    <subfield code="2">ddc</subfield>
    <subfield code="4">0</subfield>
    <subfield code="6">VEM_LON_2020_000000000000000_B1_602_OR</subfield>
    <subfield code="7">0</subfield>
    <subfield code="9">94165</subfield>
    <subfield code="a">LBB</subfield>
    <subfield code="b">LBB</subfield>
    <subfield code="c">B1.602</subfield>
    <subfield code="d">2023-08-16</subfield>
    <subfield code="l">1</subfield>
    <subfield code="o">VEM LON 2020 B1.602 Or.</subfield>
    <subfield code="p">a074438</subfield>
    <subfield code="r">2023-12-11</subfield>
    <subfield code="s">2023-11-29</subfield>
    <subfield code="w">2023-08-16</subfield>
    <subfield code="y">VEM</subfield>
  </datafield>
  <datafield tag="952" ind1=" " ind2=" ">
    <subfield code="0">0</subfield>
    <subfield code="1">0</subfield>
    <subfield code="2">ddc</subfield>
    <subfield code="4">0</subfield>
    <subfield code="6">VEM_LON_2020_000000000000000_B1_602_OR</subfield>
    <subfield code="7">0</subfield>
    <subfield code="9">94166</subfield>
    <subfield code="a">LBB</subfield>
    <subfield code="b">LBB</subfield>
    <subfield code="c">B1.602</subfield>
    <subfield code="d">2023-08-16</subfield>
    <subfield code="o">VEM LON 2020 B1.602 Or.</subfield>
    <subfield code="p">a074458</subfield>
    <subfield code="r">2023-08-16</subfield>
    <subfield code="w">2023-08-16</subfield>
    <subfield code="y">VEM</subfield>
  </datafield>
  <datafield tag="952" ind1=" " ind2=" ">
    <subfield code="0">0</subfield>
    <subfield code="1">0</subfield>
    <subfield code="2">ddc</subfield>
    <subfield code="4">0</subfield>
    <subfield code="6">VEM_LON_2020_000000000000000_B1_602_OR</subfield>
    <subfield code="7">0</subfield>
    <subfield code="9">94167</subfield>
    <subfield code="a">LBB</subfield>
    <subfield code="b">LBB</subfield>
    <subfield code="c">B1.602</subfield>
    <subfield code="d">2023-08-16</subfield>
    <subfield code="l">2</subfield>
    <subfield code="o">VEM LON 2020 B1.602 Or.</subfield>
    <subfield code="p">a074594</subfield>
    <subfield code="r">2023-12-29</subfield>
    <subfield code="s">2023-12-06</subfield>
    <subfield code="w">2023-08-16</subfield>
    <subfield code="y">VEM</subfield>
  </datafield>
  <datafield tag="952" ind1=" " ind2=" ">
    <subfield code="0">0</subfield>
    <subfield code="1">0</subfield>
    <subfield code="2">ddc</subfield>
    <subfield code="4">0</subfield>
    <subfield code="6">VEM_LON_2020_000000000000000_B1_602_OR</subfield>
    <subfield code="7">0</subfield>
    <subfield code="9">94168</subfield>
    <subfield code="a">LBB</subfield>
    <subfield code="b">LBB</subfield>
    <subfield code="c">B1.602</subfield>
    <subfield code="d">2023-08-16</subfield>
    <subfield code="o">VEM LON 2020 B1.602 Or.</subfield>
    <subfield code="p">a074509</subfield>
    <subfield code="r">2023-08-16</subfield>
    <subfield code="w">2023-08-16</subfield>
    <subfield code="y">VEM</subfield>
  </datafield>
</record>
